00529nam a22001937a 450000500170000001000130001702000220003003500130005203700160006504000120008108200150009310000230010824500640013126000250019527000470022030000200026765000200028765000280030720170124105951.0 aA-680125 c00.00a8185402272 aA-680125 bCen Lib/Ret aDPLbEN a338.9bRAM aRamchandran, K. S. aEconomic development the challenges /cby K. S. Ramchandran a DelhibShiprac1993 a115-A,Vikas Marg Shakarpurb Delhie110092 a184p.c21cm(Hb) aEconomic policy aEconomic historyzIndia